Reforming urban water utilities in Western and Central Africa : Experiences with public-private partnerships

Reforming Urban Water Utilities in Western and Central Africa: Experiences with Public-Private Partnerships - Volume 1: Impact and Lessons Learned. Matar Fall, Philippe Marin, Alain Locussol, Richard Verspyck. The Western and Central Africa has one of the longest experiences with public-private part...

Ausführliche Beschreibung

Gespeichert in:
Bibliographische Detailangaben
1. Verfasser: Fall , Matar
Format: Buch
Sprache:Undetermined
Veröffentlicht: 2009
Schlagworte:
Tags: Tag hinzufügen
Keine Tags, Fügen Sie den ersten Tag hinzu!
Thư viện lưu trữ: Trung tâm Học liệu Trường Đại học Cần Thơ
LEADER 01553nam a2200169Ia 4500
001 CTU_166362
008 210402s9999 xx 000 0 und d
082 |a 363.61 
082 |b F194/Vol.1 
100 |a Fall , Matar 
245 0 |a Reforming urban water utilities in Western and Central Africa : 
245 0 |b Experiences with public-private partnerships 
245 0 |c Matar Fall ... [et al.] 
260 |c 2009 
520 |a Reforming Urban Water Utilities in Western and Central Africa: Experiences with Public-Private Partnerships - Volume 1: Impact and Lessons Learned. Matar Fall, Philippe Marin, Alain Locussol, Richard Verspyck. The Western and Central Africa has one of the longest experiences with public-private partnerships (PPPs) in the developing world, both for water supply and for combined power and water supply utilities. Cote d'Ivoire has a successful partnership dating from 1959, and over the last two decades as many as 15 countries (out of 23 in the region) have experimented with PPPs: eight for water supply operations alone and seven for combined power and water supply operations. This discussion paper documents the region's experience with PPPs for urban water supply in a comprehensive manner to help inform the current debate about the benefits brought by PPPs, in the context of helping Africa to achieve the Millennium Development Goals (MDG). Eleven PPPs have been studied, and detailed performance indicators 
650 |a Water supply,Cung cấp nước 
980 |a Trung tâm Học liệu Trường Đại học Cần Thơ